Clarín, crítico de Emilia Pardo Bazán / (Record no. 91946)

MARC details
000 -LEADER
campo de control de longitud fija 00976nam a2200253 i 4500
001 - NÚMERO DE CONTROL
campo de control 91946
003 - IDENTIFICADOR DE NÚMERO DE CONTROL
campo de control ES-MaACL
005 - FECHA Y HORA DE LA ÚLTIMA TRANSACCIÓN
campo de control 20230906180848.0
007 - CAMPO FIJO DE DESCRIPCIÓN FÍSICA--INFORMACIÓN GENERAL
campo de control de longitud fija t|
008 - DATOS DE LONGITUD FIJA--INFORMACIÓN GENERAL
campo de control de longitud fija 050309s2003 sp |||| | spa d
020 ## - NÚMERO INTERNACIONAL ESTÁNDAR DEL LIBRO
Número Internacional Estándar del Libro 84-9750-157-8
080 ## - NÚMERO DE LA CLASIFICACIÓN DECIMAL UNIVERSAL
Número de la Clasificación Decimal Universal 821.134.2 Pardo Bazán, Emilia 1.07
100 1# - ENTRADA PRINCIPAL--NOMBRE DE PERSONA
Nombre de persona Alas, Leopoldo
Fechas asociadas al nombre 1852-1901
9 (RLIN) 226375
245 10 - MENCIÓN DEL TÍTULO
Título Clarín, crítico de Emilia Pardo Bazán /
Mención de responsabilidad, etc. [selección de] Ermitas Penas.
260 ## - PUBLICACIÓN, DISTRIBUCIÓN, ETC.
Lugar de publicación, distribución, etc. Santiago de Compostela :
Nombre del editor, distribuidor, etc. Universidade de Santiago Compostela, Servicio de Publicacións e Intercambio Científico,
Fecha de publicación, distribución, etc. 2003.
300 ## - DESCRIPCIÓN FÍSICA
Extensión 232 p. ;
Dimensiones 24 cm.
490 1# - MENCIÓN DE SERIE
Mención de serie Colección Lalia. Serie Maior ;
Designación de volumen o secuencia 17
600 14 - PUNTO DE ACCESO ADICIONAL DE MATERIA--NOMBRE DE PERSONA
Nombre de persona Pardo Bazán, Emilia,
Títulos y otros términos asociados al nombre Condesa de,
Fechas asociadas al nombre 1851-1921-
Subdivisión general Crítica e interpretación
9 (RLIN) 88986
700 1# - ENTRADA AGREGADA--NOMBRE PERSONAL
Nombre de persona Penas, Ermitas.
9 (RLIN) 90150
710 2# - ENTRADA AGREGADA--NOMBRE DE ENTIDAD CORPORATIVA
Nombre de entidad corporativa o nombre de jurisdicción como elemento de entrada Universidad de Santiago de Compostela.
9 (RLIN) 7294
830 0# - PUNTO DE ACCESO ADICIONAL DE SERIE-TÍTULO UNIFORME
Título uniforme Colección Lalia. Serie Maior ;
Designación de volumen o secuencia 17
9 (RLIN) 176444
852 ## - LOCALIZACIÓN
Ubicación ES-MaACL
Número de control de estantería L-29002
Holdings
Estatus retirado Estado de pérdida Estado de daño No para préstamo Biblioteca de origen Biblioteca actual Ubicación en estantería Fecha de adquisición Fuente de adquisición Total de préstamos Signatura topográfica completa Código de barras Visto por última vez Precio de reemplazo Tipo de ítem Koha
        Biblioteca del Ateneo de Madrid Biblioteca del Ateneo de Madrid Depósito 2 17/01/2008     L-29002 1096004 23/02/2023 23/02/2023 Libro impreso